000 00358nam a2200169Ia 4500
003 LK-CoDNM
008 010623t xxu||||| |||| 00| 1 eng d
040 _aLK-CoDNM
_dLK-CoDNM
_eLK-CoDNM
041 _aeng
080 _a24 G 15
100 _aTurnour
245 _aTooth Relic
260 _b?
300 _b13p., 21 cm
650 _aBuddhism
942 _cBK
999 _c136698
_d136698